| 000 | 00587nam a2200193Ia 4500 | ||
|---|---|---|---|
| 999 |
_c19249 _d19249 |
||
| 001 | 18863 | ||
| 003 | PK-LaUMT | ||
| 005 | 20220902154429.0 | ||
| 008 | 140407s9999 xx 000 0 und d | ||
| 040 | _cPK-LaUMT | ||
| 082 |
_aW 300.21 _bISL-S |
||
| 100 | _aMuir Ahmad | ||
| 245 |
_aSecond Islamic countries conference on statistical sciences, 1990: _bProceedings Johor Bahru, Malaysia (August 26-29, 1990). _cMuir Ahmad |
||
| 260 |
_aLahore,Pakistan: _bIslamic Society of Statistical Sciences, _c1990 |
||
| 300 | _a1024 p. | ||
| 505 | _g12 | ||
| 546 | _aEN | ||
| 942 |
_cWEEDED OUT _2ddc |
||